[Event "Bundesliga Playoff 2003-4"]
[Site "Baden Baden"]
[Date "2004.05.09"]
[Round "16"]
[White "Sokolov, Ivan"]
[Black "Svidler, Peter"]
[Result "1/2-1/2"]
[WhiteElo "2690"]
[BlackElo "2733"]
[PlyCount "50"]
[EventDate "2004.04.01"]
[Source "Roberto Alvarez"]
[SourceDate "2004.05.10"]

1. d4 Nf6 2. c4 g6 3. Nc3 d5 4. Nf3 Bg7 5. Qa4+ Bd7 6. Qb3 dxc4 7. Qxc4 O-O 8. Bf4 c6 9. e4 b5 10. Qb3 Qa5 11. Bd2 b4 12. Na4 Nxe4 13. Bxb4 Qc7 14. Bd3 Be6 15. Qd1 Bd5 16. O-O c5 17. Nxc5 Nxc5 18. Bxc5 Nc6 19. Re1 Bxf3 20. Qxf3 Nxd4 21. Bxd4 Bxd4 22. Rac1 Qd6 23. b3 Rad8 24. Rc6 Qb4 25. Re2 e6 1/2-1/2

[Event "TCh-BEL 2003-4"]
[Site "Belgium"]
[Date "2003.11.16"]
[Round "4.1"]
[White "Sokolov, Ivan"]
[Black "Van Wely, Loek"]
[Result "1/2-1/2"]
[WhiteElo "2693"]
[BlackElo "2661"]
[PlyCount "73"]
[EventDate "2003.10.05"]
[Source "Roberto Alvarez"]
[SourceDate "2003.11.17"]

1. d4 Nf6 2. c4 g6 3. Nc3 d5 4. Nf3 Bg7 5. Qa4+ Bd7 6. Qb3 dxc4 7. Qxc4 O-O 8. Bf4 Na6 9. e4 c5 10. e5 Nh5 11. Be3 cxd4 12. Qxd4 Bc6 13. Be2 Qa5 14. O-O Bxf3 15. Bxf3 Bxe5 16. Qd5 Qxd5 17. Nxd5 Rfe8 18. Rac1 e6 19. Nc3 Re7 20. a3 Bf4 21. Bxh5 Bxe3 22. fxe3 gxh5 23. Ne4 Nc7 24. Nf6+ Kh8 25. Nxh5 Ne8 26. Rfd1 Ng7 27. Ng3 Ne8 28. e4 Nf6 29. Rd4 Kg7 30. Rc5 h6 31. Rd1 b6 32. Rc3 Kg6 33. Rd6 Rg8 34. b4 Kh7 35. Rd4 Rg5 36. a4 Re5 37. h3 1/2-1/2

[Event "Liepajas Rokade"]
[Site "Liepaya"]
[Date "2004.08.01"]
[Round "11"]
[White "Van Wely, Loek"]
[Black "Khalifman, Alexander"]
[Result "1-0"]
[WhiteElo "2680"]
[BlackElo "2669"]
[PlyCount "68"]
[EventDate "2004.07.30"]
[SourceDate "2004.08.11"]

1. d4 Nf6 2. c4 g6 3. Nc3 d5 4. Nf3 Bg7 5. Qa4+ Bd7 6. Qb3 dxc4 7. Qxc4 O-O 8. Bf4 Bc6 9. Ne5 Bd5 10. Nxd5 Nxd5 11. Bg3 Nb6 12. Qc3 N8d7 13. Nxd7 Qxd7 14. e3 Rac8 15. b4 Qa4 16. a3 Nd5 17. Qc5 Qb3 18. Qc4 Qb2 19. Qc1 Qxc1+ 20. Rxc1 c6 21. Bc4 e6 22. Ke2 Rfd8 23. Rc2 Bf8 24. Rhc1 a6 25. Rb1 Bd6 26. Bxd5 exd5 27. Bxd6 Rxd6 28. g4 Kg7 29. h4 Re8 30. a4 Rde6 31. Kd3 Re4 32. Rg1 h6 33. Ra2 a5 34. f3 R4e7 1-0

[Event "ch-Euro Blitz"]
[Site "Ajaccio FRA"]
[Date "2007.10.26"]
[Round "24"]
[White "Bareev, E."]
[Black "Mikhalevski, V."]
[Result "0-1"]
[WhiteElo "2653"]
[BlackElo "2584"]
[PlyCount "95"]
[EventDate "2007.10.25"]
[Source "www.chesslib.no"]
[SourceDate "2004.05.04"]

1. d4 Nf6 2. c4 g6 3. Nc3 d5 4. Nf3 Bg7 5. cxd5 Nxd5 6. Bd2 Nb6 7. e3 O-O 8. Rc1 Nc6 9. Be2 e5 10. dxe5 Nxe5 11. Nxe5 Bxe5 12. O-O c6 13. Qc2 Be6 14. b3 Qe7 15. e4 Bd4 16. Kh1 Rad8 17. f4 Bc8 18. Bf3 Qh4 19. Ne2 Bg7 20. Be1 Qe7 21. Bf2 Rfe8 22. a4 Qb4 23. Be1 Qa3 24. Bh4 Rd6 25. e5 Bf5 26. Qc5 Qxc5 27. Rxc5 Rd3 28. Nc1 Rd2 29. Be1 Rb2 30. Bc3 Rc2 31. Bd4 Rd2 32. Be3 Rb2 33. g4 Be6 34. Rf2 Rb1 35. Kg2 Bd5 36. Ra5 Bxf3+ 37. Kxf3 Nd5 38. Bd2 a6 39. Rc5 f6 40. exf6 Bxf6 41. Re2 Rf8 42. Kg3 Rb2 43. Be1 Rb1 44. Bd2 Bb2 45. Nd3 Bd4 46. Rc4 Ba7 47. b4 Rb3 48. Rc1 0-1

[Event "Ankara zt"]
[Site "Ankara"]
[Date "1995.??.??"]
[Round "7"]
[White "Giorgadze, Giorgi"]
[Black "Lputian, Smbat G"]
[Result "1-0"]
[WhiteElo "2590"]
[BlackElo "2630"]
[PlyCount "76"]
[EventDate "1995.??.??"]
[Source "ChessBase"]

1. d4 Nf6 2. c4 g6 3. Nc3 d5 4. Nf3 Bg7 5. Qa4+ Bd7 6. Qb3 dxc4 7. Qxc4 Bc6 8. Bf4 O-O 9. Rd1 Bxf3 10. gxf3 c6 11. e4 Nbd7 12. Be2 Nh5 13. Bg5 h6 14. Be3 e6 15. h4 Qf6 16. e5 Qf5 17. Ne4 Rfd8 18. Nd6 Nb6 19. Nxf5 Nxc4 20. Ne7+ Kf8 21. Nxg6+ fxg6 22. Bxc4 Kf7 23. Rg1 c5 24. Bd3 g5 25. hxg5 cxd4 26. Bd2 Bxe5 27. gxh6 Rg8 28. Ke2 Rxg1 29. Rxg1 Rg8 30. Rh1 Nf4+ 31. Bxf4 Bxf4 32. h7 Rh8 33. Rh4 Be5 34. f4 Bf6 35. Rg4 Rc8 36. f5 exf5 37. Rg8 Rd8 38. Rxd8 Bxd8 1-0

[Event "Las Palmas"]
[Site "Las Palmas"]
[Date "1972.??.??"]
[Round "4"]
[White "Smyslov, Vassily"]
[Black "Bronstein, David I"]
[Result "1/2-1/2"]
[WhiteElo "2620"]
[BlackElo "2585"]
[PlyCount "42"]
[EventDate "1972.??.??"]
[Source "ChessBase"]

1. c4 g6 2. d4 Nf6 3. Nc3 d5 4. Nf3 Bg7 5. cxd5 Nxd5 6. Bd2 c5 7. Rc1 Nxc3 8. Bxc3 cxd4 9. Nxd4 O-O 10. e3 Nd7 11. Be2 Nf6 12. Nb3 Qxd1+ 13. Rxd1 Ne4 14. Bxg7 Kxg7 15. f3 Nd6 16. Nd4 Nf5 17. Kf2 Nxd4 18. Rxd4 Be6 19. Bc4 Bxc4 20. Rxc4 Rfd8 21. Ke2 Rac8 1/2-1/2

[Event "CSR-ch int"]
[Site "Decin"]
[Date "1977.??.??"]
[Round "15"]
[White "Hort, Vlastimil"]
[Black "Uhlmann, Wolfgang"]
[Result "1/2-1/2"]
[WhiteElo "2620"]
[BlackElo "2555"]
[PlyCount "29"]
[EventDate "1977.07.??"]
[Source "ChessBase"]

1. c4 Nf6 2. d4 g6 3. Nc3 d5 4. Nf3 Bg7 5. cxd5 Nxd5 6. Bd2 O-O 7. Rc1 c6 8. e3 Nb6 9. Be2 Bg4 10. O-O N8d7 11. b3 e5 12. Nxe5 Bxe2 13. Qxe2 Nxe5 14. dxe5 Bxe5 15. Rfd1 1/2-1/2

[Event "Bled ol (Men)"]
[Site "?"]
[Date "2002.11.01"]
[Round "7"]
[White "Jobava Baadur"]
[Black "Neverov Valeriy"]
[Result "1-0"]
[WhiteElo "2570"]
[BlackElo "2601"]
[PlyCount "107"]
[EventDate "2002.??.??"]
[Source "www.chesslib.no"]
[SourceDate "2004.05.04"]

1. d4 Nf6 2. c4 g6 3. Nc3 d5 4. Nf3 Bg7 5. cxd5 Nxd5 6. g3 c5 7. Bg2 Nc6 8. O-O O-O 9. Nxd5 Qxd5 10. Be3 Rd8 11. Qa4 Bd7 12. dxc5 Ne5 13. Qc2 Nc4 14. Rad1 Nxe3 15. Rxd5 Nxc2 16. Rfd1 Nd4 17. Nxd4 Ba4 18. b3 Rxd5 19. Bxd5 Be8 20. Nc2 Rb8 21. Ne3 e6 22. Bf3 Bf8 23. b4 Bb5 24. Rc1 b6 25. c6 Rc8 26. a3 a5 27. bxa5 bxa5 28. Rc3 Bd6 29. Nc2 Kf8 30. Nd4 Ba6 31. e3 a4 32. Be2 Bxe2 33. Nxe2 Rb8 34. Kg2 Ke7 35. Kf3 Kd8 36. Rc4 Ra8 37. Nc3 Ra5 38. Rxa4 Rxa4 39. Nxa4 Kc7 40. Nc3 Kxc6 41. a4 Be5 42. Ne4 h6 43. Ke2 f5 44. Nd2 Kc5 45. Kd3 Kb4 46. a5 Kb5 47. Nb3 Bf6 48. Nd4+ Kxa5 49. Nxe6 Kb5 50. Nf4 g5 51. Nd5 Be5 52. Ne7 f4 53. gxf4 gxf4 54. Ng6 1-0

[Event "32nd TCh-GRE"]
[Site "Kallithea Chalkidiki"]
[Date "2003.07.04"]
[Round "1"]
[White "Atalik, Suat"]
[Black "Gustafsson, Jan"]
[Result "1/2-1/2"]
[WhiteElo "2599"]
[BlackElo "2570"]
[PlyCount "83"]
[EventDate "2003.07.04"]
[Source "Roberto Alvarez"]
[SourceDate "2003.07.14"]

1. d4 Nf6 2. c4 g6 3. Nc3 d5 4. Nf3 Bg7 5. Qa4+ Bd7 6. Qb3 dxc4 7. Qxc4 O-O 8. e4 b5 9. Nxb5 Nxe4 10. Qxc7 Nc6 11. Bd3 Nb4 12. Bxe4 Bxb5 13. Qxd8 Raxd8 14. Bd2 Nd3+ 15. Bxd3 Bxd3 16. Bc3 Be4 17. Ke2 Bxf3+ 18. Kxf3 Bxd4 19. Bxd4 Rxd4 20. Rhd1 Rb4 21. b3 a5 22. Ke3 e5 23. Rac1 a4 24. Rc4 Rfb8 25. Rxb4 Rxb4 26. bxa4 Rxa4 27. Ra1 f5 28. Kd3 Kf7 29. Kc3 Ke6 30. Kb3 Ra6 31. a4 e4 32. a5 f4 33. Kc4 Ke5 34. Ra4 g5 35. Kb5 Ra8 36. a6 Kd5 37. Kb6 e3 38. f3 Rb8+ 39. Kc7 Ra8 40. Kb6 Rb8+ 41. Kc7 Ra8 42. Kb6 1/2-1/2

[Event "Bratto op 20th"]
[Site "?"]
[Date "2000.??.??"]
[Round "8"]
[White "Epishin Vladimir"]
[Black "Romanishin Oleg M"]
[Result "1-0"]
[WhiteElo "2567"]
[BlackElo "2591"]
[PlyCount "79"]
[EventDate "2000.??.??"]
[Source "www.chesslib.no"]
[SourceDate "2004.05.04"]

1. d4 Nf6 2. c4 g6 3. Nc3 d5 4. Nf3 Bg7 5. cxd5 Nxd5 6. Bd2 O-O 7. Rc1 Bf5 8. e3 Nb6 9. h3 Be6 10. Be2 Na6 11. O-O Rc8 12. b3 c5 13. Nb5 cxd4 14. Nfxd4 Bd7 15. Nxa7 Ra8 16. Ndb5 Nd5 17. Bc4 e6 18. e4 Nf6 19. Re1 Qb8 20. Be3 Bxb5 21. Nxb5 Nxe4 22. Qe2 Nec5 23. b4 Na4 24. Bb3 Nxb4 25. Rc4 Nd3 26. Qxd3 Nb2 27. Qe4 Nxc4 28. Qxc4 Qe5 29. Bd2 Qb2 30. Bb4 Rfc8 31. Qf4 Qf6 32. Qe3 Rc6 33. a3 Rd8 34. Qe4 Qb2 35. Qf3 Qf6 36. Qe2 Qf5 37. Ba4 h5 38. h4 Rcc8 39. Nd6 Rxd6 40. Bxd6 1-0

[Event "Hastings 7778"]
[Site "Hastings"]
[Date "1977.??.??"]
[Round "15"]
[White "Dzindzichashvili, Roman"]
[Black "Hort, Vlastimil"]
[Result "1/2-1/2"]
[WhiteElo "2535"]
[BlackElo "2620"]
[PlyCount "27"]
[EventDate "1977.12.??"]
[Source "ChessBase"]

1. d4 Nf6 2. c4 g6 3. Nc3 d5 4. Nf3 Bg7 5. cxd5 Nxd5 6. Bd2 O-O 7. Rc1 Nb6 8. Bf4 c6 9. e3 Bg4 10. Be2 N8d7 11. O-O Bxf3 12. Bxf3 e5 13. Bg3 exd4 14. exd4 1/2-1/2

[Event "Open Aeroflot"]
[Site "Mosca RUS"]
[Date "2007.02.17"]
[Round "4"]
[White "Riazantsev, A."]
[Black "Li Chao2"]
[Result "1/2-1/2"]
[WhiteElo "2629"]
[BlackElo "2504"]
[PlyCount "41"]
[EventDate "2007.02.14"]
[Source "www.chesslib.no"]
[SourceDate "2004.05.04"]

1. d4 Nf6 2. c4 g6 3. Nc3 d5 4. Nf3 Bg7 5. Qa4+ Bd7 6. Qb3 dxc4 7. Qxc4 O-O 8. Bf4 Bc6 9. e3 Nd5 10. Be5 Nxc3 11. Qxc3 Bxf3 12. Bxg7 Kxg7 13. gxf3 Nd7 14. Rc1 Nf6 15. Bg2 c6 16. f4 e6 17. O-O a5 18. Qb3 Qe7 19. Rc5 Nd5 20. Rfc1 f5 21. Kh1 1/2-1/2

[Event "Frankfurt Ordix op"]
[Site "Frankfurt"]
[Date "1998.06.21"]
[Round "10"]
[White "Dautov, Rustem"]
[Black "Djuric, Stefan"]
[Result "1-0"]
[WhiteElo "2600"]
[BlackElo "2520"]
[PlyCount "75"]
[EventDate "1998.06.20"]
[Source "ChessBase"]
[SourceDate "1998.09.09"]

1. d4 Nf6 2. c4 g6 3. Nc3 d5 4. Nf3 Bg7 5. cxd5 Nxd5 6. e4 Nb6 7. h3 O-O 8. Be3 c6 9. Bd3 Be6 10. Qe2 Na6 11. a3 c5 12. d5 Bd7 13. O-O c4 14. Bxc4 Nxc4 15. Qxc4 Rc8 16. Qb3 b6 17. Bd4 Bh6 18. Qd1 f6 19. Re1 e5 20. Be3 Bg7 21. Rc1 Qe7 22. b4 Rc4 23. Qd3 Rfc8 24. Nd2 Nxb4 25. axb4 Rxb4 26. d6 Qe6 27. Nd5 Rxc1 28. Rxc1 Ra4 29. Rc7 f5 30. Ne7+ Kf8 31. Qd5 Qxd5 32. Nxd5 Ke8 33. Bg5 fxe4 34. Bf6 Bh6 35. Bxe5 Bxd2 36. Nf6+ Kf7 37. Rxd7+ Kf8 38. Rxh7 1-0

[Event "Frankfurt Ordix op"]
[Site "Frankfurt"]
[Date "1998.06.21"]
[Round "10"]
[White "Hort, Vlastimil"]
[Black "Huzman, Alexander"]
[Result "1/2-1/2"]
[WhiteElo "2510"]
[BlackElo "2610"]
[PlyCount "41"]
[EventDate "1998.06.20"]
[Source "ChessBase"]
[SourceDate "1998.09.09"]

1. d4 Nf6 2. Nf3 g6 3. c4 Bg7 4. Nc3 d5 5. cxd5 Nxd5 6. Bd2 O-O 7. e4 Nb6 8. h3 Nc6 9. d5 Nb8 10. Be3 c6 11. Bd4 cxd5 12. Bxg7 Kxg7 13. exd5 N8d7 14. Qd4+ Nf6 15. O-O-O Qd6 16. g4 h6 17. Rg1 Re8 18. Bb5 Bd7 19. Bxd7 Nbxd7 20. h4 Qc5 21. g5 1/2-1/2

[Event "WICC qual Dubai sf 25'+10"]
[Site "?"]
[Date "2001.09.26"]
[Round "1"]
[White "Kreiman Boris"]
[Black "Shipov Sergei"]
[Result "0-1"]
[WhiteElo "2487"]
[BlackElo "2625"]
[PlyCount "124"]
[EventDate "2001.??.??"]
[Source "www.chesslib.no"]
[SourceDate "2004.05.04"]

1. d4 Nf6 2. c4 g6 3. Nf3 Bg7 4. Nc3 d5 5. cxd5 Nxd5 6. Qb3 Nxc3 7. bxc3 c5 8. e3 O-O 9. Ba3 cxd4 10. cxd4 Nc6 11. Be2 Qa5+ 12. Nd2 Be6 13. Qb2 Bd5 14. O-O Rfd8 15. Rac1 e5 16. Rc5 Qc7 17. e4 exd4 18. exd5 d3 19. Qc1 dxe2 20. Re1 Bd4 21. dxc6 Bxc5 22. cxb7 Qxb7 23. Bxc5 Rac8 24. Nb3 a5 25. Qc4 Qd5 26. Qxe2 a4 27. Bd4 axb3 28. Ba1 Qe6 29. Qxe6 fxe6 30. axb3 Rb8 31. g3 Rxb3 32. Be5 Rd5 33. h4 Rbb5 34. Bf4 Kf7 35. Rc1 e5 36. Rc7+ Ke6 37. Bg5 Rd7 38. Rc8 h5 39. Kg2 Rd6 40. Kf3 Kd5 41. Ra8 e4+ 42. Kf4 Rd7 43. Ke3 Rb3+ 44. Ke2 Rb2+ 45. Ke3 Rb3+ 46. Ke2 Rb5 47. Bf4 Re7 48. Rd8+ Ke6 49. Ke3 Rd5 50. Rg8 Kf7 51. Ra8 Rd3+ 52. Ke2 Rb7 53. Ra4 Rb2+ 54. Kf1 Rd1+ 55. Kg2 Re1 56. Ra7+ Ke8 57. Ra8+ Kd7 58. Ra7+ Kc6 59. Rc7+ Kd5 60. Rd7+ Ke6 61. Rd6+ Kf7 62. Bg5 Rbb1 0-1

[Event "Rapid"]
[Site "Beer Sheva ISR"]
[Date "2007.10.20"]
[Round "1"]
[White "Khmelniker, I."]
[Black "Avrukh, B."]
[Result "1/2-1/2"]
[WhiteElo "2470"]
[BlackElo "2641"]
[PlyCount "64"]
[EventDate "2007.10.20"]
[Source "www.chesslib.no"]
[SourceDate "2004.05.04"]

1. d4 Nf6 2. c4 g6 3. Nc3 d5 4. Nf3 Bg7 5. cxd5 Nxd5 6. Bg5 Nb6 7. e3 c5 8. dxc5 Bxc3+ 9. bxc3 Qxd1+ 10. Rxd1 N6d7 11. Bb5 f6 12. Bh4 Kf7 13. e4 Nxc5 14. e5 a6 15. Bc4+ Be6 16. Bxe6+ Nxe6 17. exf6 exf6 18. O-O Re8 19. Rb1 Nc5 20. Rfd1 Nc6 21. Rd5 Ne4 22. Rxb7+ Re7 23. Rdd7 g5 24. Rxe7+ Nxe7 25. Bg3 Rc8 26. h4 Rxc3 27. hxg5 fxg5 28. Nd4 Nxg3 29. fxg3 Ke8 30. g4 Rc4 31. Nf3 Rc5 32. Nd4 Rc4 1/2-1/2

[Event "FIDE WCh KO"]
[Site "?"]
[Date "2000.11.28"]
[Round "1.2"]
[White "Vladimirov Evgeny"]
[Black "Barua Dibyendu"]
[Result "1-0"]
[WhiteElo "2598"]
[BlackElo "2502"]
[PlyCount "91"]
[EventDate "2000.??.??"]
[Source "www.chesslib.no"]
[SourceDate "2004.05.04"]

1. d4 Nf6 2. c4 g6 3. Nc3 d5 4. Nf3 Bg7 5. cxd5 Nxd5 6. Bd2 O-O 7. Rc1 c5 8. dxc5 Na6 9. e4 Ndb4 10. a3 Nd3+ 11. Bxd3 Qxd3 12. b4 Be6 13. Qe2 Rfd8 14. Nb5 Qb3 15. O-O Qa4 16. Bc3 Bd7 17. Bxg7 Bxb5 18. Qb2 Nxb4 19. Rfe1 Rd3 20. Bc3 Rad8 21. Ne5 Rd1 22. Ng4 Rxc1 23. Qxc1 Qb3 24. h4 Bd3 25. f3 Bc2 26. Be5 Qd3 27. Kh2 Bb3 28. c6 bxc6 29. Qxc6 Qd2 30. Rb1 Qd3 31. Rb2 h5 32. Nf2 Qe3 33. Qxg6+ fxg6 34. Bc3 Ba4 35. Rd2 Rc8 36. Be5 a6 37. Nd1 Rc1 38. Nc3 Be8 39. Nd5 Kf7 40. Bb2 Rc4 41. Kg3 g5 42. Nxe3 Rc8 43. Kf2 Bb5 44. g3 gxh4 45. Nf5 h3 46. Be5 1-0

[Event "Reykjavik"]
[Site "Reykjavik ISL"]
[Date "1972.??.??"]
[Round "?"]
[White "Timman, Jan H"]
[Black "Stein, Leonid Z"]
[Result "1/2-1/2"]
[WhiteElo "2480"]
[BlackElo "2620"]
[PlyCount "32"]
[EventDate "1972.??.??"]
[Source "www.chesslib.no"]
[SourceDate "2004.05.04"]

1. c4 Nf6 2. Nc3 d5 3. d4 g6 4. Nf3 Bg7 5. cxd5 Nxd5 6. Bd2 Bg4 7. e3 O-O 8. h3 Bxf3 9. Qxf3 Nb4 10. Rc1 e5 11. Ne4 Nd5 12. Bc4 c6 13. O-O Nd7 14. Rfd1 Qe7 15. Bxd5 cxd5 16. Nc3 Nf6 1/2-1/2

[Event "RUS-chT"]
[Site "Orel"]
[Date "1997.??.??"]
[Round "?"]
[White "Rustemov, Alexander"]
[Black "Fominyh, Alexander"]
[Result "1/2-1/2"]
[WhiteElo "2550"]
[BlackElo "2545"]
[PlyCount "22"]
[EventDate "1997.??.??"]
[Source "www.chesslib.no"]
[SourceDate "2004.05.04"]

1. d4 Nf6 2. c4 g6 3. Nc3 d5 4. Nf3 Bg7 5. cxd5 Nxd5 6. g3 c5 7. Bg2 Nc6 8. O-O Nxc3 9. bxc3 cxd4 10. Nxd4 Nxd4 11. cxd4 Qxd4 1/2-1/2

[Event "Vrsac"]
[Site "Vrsac"]
[Date "1983.??.??"]
[Round "?"]
[White "Agzamov, Georgy"]
[Black "Smejkal, Jan"]
[Result "1/2-1/2"]
[WhiteElo "2535"]
[BlackElo "2560"]
[PlyCount "25"]
[EventDate "1983.09.??"]
[Source "ChessBase"]

1. d4 Nf6 2. c4 g6 3. Nc3 d5 4. Nf3 Bg7 5. cxd5 Nxd5 6. Bd2 c5 7. Rc1 Nxc3 8. Bxc3 cxd4 9. Nxd4 O-O 10. e3 Qb6 11. Be2 Bd7 12. O-O Nc6 13. Nxc6 1/2-1/2

[Event "RUS"]
[Site "?"]
[Date "2006.04.20"]
[Round "1"]
[White "Riazantsev Alexander"]
[Black "Shomoev Anton"]
[Result "1/2-1/2"]
[WhiteElo "2593"]
[BlackElo "2492"]
[PlyCount "115"]
[EventDate "2006.??.??"]
[Source "www.chesslib.no"]
[SourceDate "2004.05.04"]

1. d4 Nf6 2. c4 g6 3. Nc3 d5 4. Nf3 Bg7 5. Qa4+ Bd7 6. Qb3 dxc4 7. Qxc4 O-O 8. Bf4 Bc6 9. Ne5 Bd5 10. Qd3 Nh5 11. Bd2 Be6 12. e4 Na6 13. a3 c5 14. d5 Bxd5 15. Qxd5 Qxd5 16. Nxd5 Bxe5 17. Nxe7+ Kg7 18. Nd5 Nf6 19. Nxf6 Bxf6 20. O-O-O Nc7 21. f4 Bd4 22. g3 Rad8 23. Kc2 Rfe8 24. Bg2 f6 25. Rhe1 Nb5 26. Bc1 Nd6 27. Re2 b6 28. Rde1 Re7 29. e5 fxe5 30. fxe5 Nf7 31. e6 Nd6 32. Bg5 Bf6 33. Bxf6+ Kxf6 34. Rf2+ Kg7 35. Rd2 Kf8 36. Rf1+ Kg7 37. Bh3 Nb7 38. Rdf2 Nd6 39. Rd1 Nb7 40. Rd7 Rexd7 41. exd7 Nd6 42. Rd2 Ne4 43. Re2 Nf6 44. Re6 Kf7 45. Rc6 Ke7 46. Re6+ Kf7 47. Rc6 Ke7 48. Rc7 Ne4 49. Rxa7 Nf2 50. Bf1 Rxd7 51. Ra6 Rd6 52. Ra7+ Rd7 53. Ra8 Ne4 54. Bd3 Nd6 55. Rb8 Rb7 56. Rh8 Ke6 57. a4 Rf7 58. Rb8 1/2-1/2

[Event "Portoroz/Rogaska Slatina"]
[Site "?"]
[Date "1993.??.??"]
[Round "?"]
[White "Skembris, S."]
[Black "Mikhalchishin, A."]
[Result "1/2-1/2"]
[WhiteElo "2565"]
[BlackElo "2520"]
[PlyCount "56"]
[EventDate "1993.??.??"]
[Source "ChessBase"]
[SourceDate "1993.06.01"]

1. d4 Nf6 2. c4 g6 3. Nc3 d5 4. Nf3 Bg7 5. cxd5 Nxd5 6. Qb3 Nb6 7. Bg5 h6 8. Bh4 Be6 9. Qc2 Nc6 10. Rd1 Nb4 11. Qb1 O-O 12. a3 N4d5 13. Nxd5 Qxd5 14. Bxe7 Rfe8 15. Bb4 Bg4 16. Ne5 c5 17. Bxc5 Bxe5 18. Bxb6 Bf4 19. Bc5 b6 20. Bb4 Bxe2 21. Bxe2 Qxg2 22. Rf1 Rxe2+ 23. Kxe2 Re8+ 24. Kd3 Qf3+ 25. Kc2 Rc8+ 26. Bc3 Qe2+ 27. Kb3 Qc4+ 28. Kc2 Qe2+ 1/2-1/2

[Event "Beersheba-St Petersburg"]
[Site "Beersheba"]
[Date "1998.??.??"]
[Round "1"]
[White "Lugovoi, Aleksei"]
[Black "Mikhalevski, Victor"]
[Result "1/2-1/2"]
[WhiteElo "2540"]
[BlackElo "2545"]
[PlyCount "88"]
[EventDate "1998.03.03"]
[Source "www.chesslib.no"]
[SourceDate "2004.05.04"]

1. d4 Nf6 2. c4 g6 3. Nc3 d5 4. Nf3 Bg7 5. cxd5 Nxd5 6. Bd2 Nc6 7. e4 Nxc3 8. Bxc3 Bg4 9. d5 Bxf3 10. Qxf3 Nd4 11. Qd1 c5 12. Bc4 O-O 13. a4 e5 14. dxe6 fxe6 15. O-O Qh4 16. Bxd4 Bxd4 17. Qe2 Kg7 18. g3 Qh3 19. Kh1 e5 20. Bd5 Rf6 21. f3 Raf8 22. Qg2 Qxg2+ 23. Kxg2 Rb6 24. Ra2 Bxb2 25. Rb1 Bd4 26. Rxb6 axb6 27. Bc4 Rd8 28. Bd5 g5 29. g4 h5 30. h3 hxg4 31. fxg4 Rf8 32. Bc4 Rf4 33. Bd5 c4 34. Bxc4 Rxe4 35. Bd5 Re1 36. Bxb7 e4 37. Rd2 Bc5 38. Ba6 Kf6 39. Re2 Rg1+ 40. Kh2 Ke5 41. Bb7 Ra1 42. Rxe4+ Kd6 43. Ba6 Kd5 44. Bb7+ Kd6 1/2-1/2

[Event "ESP Team Ch"]
[Site "Cordoba ARG"]
[Date "1995.??.??"]
[Round "2"]
[White "Giorgadze, Giorgi"]
[Black "De la Villa Garcia, Jesus Maria"]
[Result "1-0"]
[WhiteElo "2590"]
[BlackElo "2490"]
[PlyCount "85"]
[EventDate "1995.??.??"]
[Source "www.chesslib.no"]
[SourceDate "2004.05.04"]

1. d4 Nf6 2. c4 g6 3. Nc3 d5 4. Nf3 Bg7 5. Qa4+ Bd7 6. Qb3 dxc4 7. Qxc4 O-O 8. e4 b5 9. Nxb5 Nxe4 10. Qxc7 Nc6 11. Bd3 Nd6 12. Qxd8 Raxd8 13. Nxd6 exd6 14. Be3 Bg4 15. O-O-O Bxf3 16. gxf3 Bxd4 17. Be4 Bxe3+ 18. fxe3 Nb4 19. Rd4 d5 20. Rxb4 dxe4 21. Rxe4 Rd3 22. Kc2 Rd5 23. Rd4 Rc8+ 24. Kd3 Rb5 25. Rb1 Rf5 26. Rf1 Rc6 27. e4 Ra5 28. a4 Rb6 29. Rf2 h5 30. f4 Rb3+ 31. Kc2 Re3 32. Rc4 h4 33. Rd2 Ra6 34. e5 Rf3 35. Kd1 Kg7 36. Rd8 g5 37. fxg5 Rf1+ 38. Kc2 h3 39. Rcc8 Rf2+ 40. Kc3 Rxh2 41. Rg8+ Kh7 42. Rh8+ Kg6 43. Rh6+ 1-0

[Event "Cannes op"]
[Site "Cannes"]
[Date "1998.??.??"]
[Round "7"]
[White "Ashley, Maurice"]
[Black "Romanishin, Oleg M"]
[Result "1/2-1/2"]
[WhiteElo "2500"]
[BlackElo "2570"]
[PlyCount "64"]
[EventDate "1998.02.21"]
[Source "ChessBase"]
[SourceDate "1998.04.29"]

1. d4 Nf6 2. Nf3 g6 3. c4 Bg7 4. Nc3 d5 5. cxd5 Nxd5 6. Na4 O-O 7. e4 Nb6 8. Be2 Bg4 9. Be3 Nc6 10. d5 Bxf3 11. gxf3 Ne5 12. Nxb6 axb6 13. f4 Nd7 14. e5 Nc5 15. b4 Ne4 16. Bf3 f5 17. Qb3 Qd7 18. O-O Kh8 19. Rac1 g5 20. Qc4 Ra3 21. Bxe4 fxe4 22. e6 Qd6 23. fxg5 Qe5 24. Qxc7 Qxd5 25. Qxe7 Qf5 26. Rc7 Be5 27. Bf4 Bxc7 28. Bxc7 Raa8 29. Bxb6 Qg4+ 30. Kh1 Qf3+ 31. Kg1 Qg4+ 32. Kh1 Qf3+ 1/2-1/2

[Event "Vienna op"]
[Site "Vienna"]
[Date "1986.??.??"]
[Round "?"]
[White "Garcia Palermo, Carlos"]
[Black "Ftacnik, Lubomir"]
[Result "1/2-1/2"]
[WhiteElo "2550"]
[BlackElo "2515"]
[PlyCount "82"]
[EventDate "1986.01.??"]
[Source "ChessBase"]

1. d4 Nf6 2. c4 g6 3. Nc3 d5 4. Nf3 Bg7 5. cxd5 Nxd5 6. Bd2 O-O 7. Rc1 Nc6 8. e3 Nb6 9. Bb5 e5 10. Bxc6 exd4 11. exd4 bxc6 12. O-O Bg4 13. Be3 Nc4 14. Na4 Qd5 15. b3 Nxe3 16. fxe3 Bh6 17. Rc3 Rfe8 18. h3 Bxf3 19. Rxf3 Re7 20. Rd3 f5 21. Nc3 Qd6 22. Kf2 Rd8 23. Ke2 Bg7 24. g3 Qb4 25. Rf4 Qa5 26. Na4 Qd5 27. Rf3 h5 28. Kd2 Bh6 29. Kc2 Rde8 30. Nc3 Qd6 31. Qg1 c5 32. g4 fxg4 33. hxg4 h4 34. g5 Bg7 35. Qg4 cxd4 36. exd4 Qc6 37. Qxh4 Re2+ 38. Kd1 R8e4 39. d5 Qc5 40. Qxe4 Rxe4 41. Nxe4 Qg1+ 1/2-1/2

[Event "Koop Tjuchem op"]
[Site "Groningen"]
[Date "1996.??.??"]
[Round "4"]
[White "Gurevich, Dmitry"]
[Black "Grechihin, Valery"]
[Result "1-0"]
[WhiteElo "2570"]
[BlackElo "2495"]
[PlyCount "70"]
[EventDate "1996.12.20"]
[Source "www.chesslib.no"]
[SourceDate "2004.05.04"]

1. d4 Nf6 2. c4 g6 3. Nc3 d5 4. Nf3 Bg7 5. cxd5 Nxd5 6. Bd2 O-O 7. Rc1 Nb6 8. Bg5 c6 9. e3 N8d7 10. Be2 Qe8 11. Qb3 e5 12. Ne4 Nd5 13. Nd6 Qe6 14. Nxc8 Rfxc8 15. dxe5 Nxe5 16. Nd4 Qe8 17. O-O Rc7 18. Rfd1 Bf6 19. Bf4 Nxf4 20. exf4 Rd7 21. fxe5 Qxe5 22. Nf3 Rxd1+ 23. Bxd1 Qxb2 24. Qxb2 Bxb2 25. Rb1 Rd8 26. Be2 Bd4 27. Rxb7 Bb6 28. g3 Rc8 29. Bc4 Rc7 30. Rxc7 Bxc7 31. Ng5 Kg7 32. Nxf7 h6 33. f4 Bb6+ 34. Kg2 Be3 35. Kf3 Bc1 1-0

[Event "Szirak"]
[Site "Szirak"]
[Date "1986.??.??"]
[Round "?"]
[White "Flear, Glenn C"]
[Black "Ftacnik, Lubomir"]
[Result "1/2-1/2"]
[WhiteElo "2505"]
[BlackElo "2555"]
[PlyCount "37"]
[EventDate "1986.09.??"]
[Source "ChessBase"]

1. d4 Nf6 2. c4 g6 3. Nc3 d5 4. Nf3 Bg7 5. cxd5 Nxd5 6. Qb3 Nxc3 7. bxc3 O-O 8. e3 c5 9. Be2 Nc6 10. O-O b6 11. Ba3 Na5 12. Qb2 Qc7 13. Rfd1 Bd7 14. Rac1 Rfd8 15. Qb1 Ba4 16. Rd2 e5 17. dxc5 bxc5 18. Qe4 Bc6 19. Qc2 1/2-1/2

[Event "IBM"]
[Site "Amsterdam"]
[Date "1979.??.??"]
[Round "8"]
[White "Sahovic, Dragutin"]
[Black "Stean, Michael"]
[Result "1/2-1/2"]
[WhiteElo "2520"]
[BlackElo "2540"]
[PlyCount "23"]
[EventDate "1979.07.??"]
[Source "ChessBase"]

1. d4 Nf6 2. c4 g6 3. Nc3 d5 4. Nf3 Bg7 5. g3 dxc4 6. Qa4+ Nfd7 7. Qxc4 Nb6 8. Qd3 Nc6 9. d5 Nb8 10. Bf4 O-O 11. Rd1 c6 12. e4 1/2-1/2

[Event "Nova Gorica (Slovenia)"]
[Site "?"]
[Date "2004.01.31"]
[Round "2"]
[White "Stocek Jiri"]
[Black "Borisek Jure"]
[Result "0-1"]
[WhiteElo "2569"]
[BlackElo "2489"]
[PlyCount "41"]
[EventDate "2004.??.??"]
[Source "www.chesslib.no"]
[SourceDate "2004.05.04"]

1. d4 Nf6 2. c4 g6 3. Nc3 d5 4. Nf3 Bg7 5. cxd5 Nxd5 6. Bg5 h6 7. e4 Bg4 8. Be3 O-O 9. a4 a5 10. Be2 Nc6 11. exd5 Nb4 12. Qd2 f5 13. Bxh6 Qd6 14. Bb5 Bxf3 15. Rg1 Rf6 16. Na2 Nxa2 17. Bd3 Bxd5 18. Qg5 Bf7 19. Be4 Qxh2 20. Bxb7 Bd5 21. Rd1 0-1